Využitie mobilných zariadení v aplikáciách pre vzdialené laboratóriá

Salvato in:
Dettagli Bibliografici
Autore principale: Csontos, Ján, 1987- (Autore)
Altri autori: Bisták, Pavol (Relatore della tesi)
Natura: Manoscritto Libro
Lingua:slovacco
Pubblicazione: Bratislava : STU v Bratislave FEI, 2012
Soggetti:
Accesso online:VAIS
Tags: Aggiungi Tag
Nessun Tag, puoi essere il primo ad aggiungerne!!

MARC

LEADER 00000ntm a22000003a 4500
001 stu252100
005 20160607134825.8
008 120720s2012----xo------------------slo-d
040 |a STU  |b slo 
041 0 |a slo 
044 |a xo 
100 1 |a Csontos, Ján,  |d 1987-  |4 aut  |u E  |T FEI Fakulta elektrotechniky a informatiky  |X 36121  |U E  |Y 30  |7 A000036121 
242 0 0 |a The use of mobile devices in applications for remote laboratories  |y eng 
245 1 |a Využitie mobilných zariadení v aplikáciách pre vzdialené laboratóriá 
260 |a Bratislava :  |b STU v Bratislave FEI,  |c 2012 
300 |a 65 s  |c 4 príl. 
650 7 |a Cybernetics  |2 estusub 
650 7 |a android  |2 stusub 
700 1 |a Bisták, Pavol  |4 ths  |u E010  |T FEI Ústav riadenia a priemyselnej informatiky  |X 3708  |U E010  |Y E010  |7 A000003708 
856 4 |a info a plný text  |u http://is.stuba.sk/zp/portal_zp.pl?podrobnosti=81508  |3 VAIS 
996 |b 284EP10305  |c E*DIPL-10305  |l EE23  |s P  |a 0  |w stu252100_0001